The art of molecular dynamics simulation / (Record no. 26925)
[ view plain ]
| 000 -LEADER | |
|---|---|
| fixed length control field | 02115cam a22003495a 4500 |
| 001 - CONTROL NUMBER | |
| control field | 13655336 |
| 005 - DATE AND TIME OF LATEST TRANSACTION | |
| control field | 20240818093038.0 |
| 008 - FIXED-LENGTH DATA ELEMENTS--GENERAL INFORMATION | |
| fixed length control field | 040715s2004 enka frb 001 0 eng d |
| 010 ## - | |
| -- | 2004555409 |
| 020 ## - INTERNATIONAL STANDARD BOOK NUMBER | |
| International Standard Book Number | 0521825687 (hardback) |
| 040 ## - CATALOGING SOURCE | |
| Original cataloging agency | DLC |
| Language of cataloging | eng |
| Transcribing agency | DLC |
| Modifying agency | DLC |
| -- | EG-ScBUE |
| 082 04 - DEWEY DECIMAL CLASSIFICATION NUMBER | |
| Classification number | 539.6 |
| Item number | RAP |
| Edition number | 22 |
| 100 1# - MAIN ENTRY--PERSONAL NAME | |
| Personal name | Rapaport, D. C. |
| 9 (RLIN) | 41864 |
| 245 14 - TITLE STATEMENT | |
| Title | The art of molecular dynamics simulation / |
| Statement of responsibility, etc | D. C. Rapaport. |
| 250 ## - EDITION STATEMENT | |
| Edition statement | 2nd ed. |
| 260 ## - | |
| -- | Cambridge ; |
| -- | New York : |
| -- | Cambridge University Press, |
| -- | 2004. |
| 300 ## - PHYSICAL DESCRIPTION | |
| Extent | xiii, 549 p. : |
| Other physical details | ill. ; |
| Dimensions | 26 cm. |
| 336 ## - CONTENT TYPE | |
| Source | rdacontent |
| Content type term | text |
| Content type code | txt |
| 337 ## - MEDIA TYPE | |
| Media type term | unmediated |
| Source | rdamedia |
| Media type code | n |
| 338 ## - CARRIER TYPE | |
| Carrier type term | volume |
| Carrier type code | nc |
| Source | rdacarrier |
| 504 ## - BIBLIOGRAPHY, ETC. NOTE | |
| Bibliography, etc | Includes bibliographical references (p. 519-531) and indexes. |
| 505 0# - FORMATTED CONTENTS NOTE | |
| Formatted contents note | Cover; Half-title; Title; Copyright; Contents; Preface to the first edition; Preface to the second edition; About the software; 1 Introduction; 2 Basic molecular dynamics; 3 Simulating simple systems; 4 Equilibrium properties of simple fluids; 5 Dynamical properties of simple fluids; 6 Alternative ensembles; 7 Nonequilibrium dynamics; 8 Rigid molecules; 9 Flexible molecules; 10 Geometrically constrained molecules; 11 Internal coordinates; 12 Many-body interactions; 13 Long-range interactions; 14 Step potentials; 15 Time-dependent phenomena; 16 Granular dynamics. |
| 520 ## - SUMMARY, ETC. | |
| Summary, etc | The extremely powerful technique of molecular dynamics simulation involves solving the classical many-body problem in contexts relevant to the study of matter at the atomistic level. The second edition of the book includes a substantial amount of new material as well as completely rewritten software.<br/> |
| 650 #7 - SUBJECT ADDED ENTRY--TOPICAL TERM | |
| Topical term or geographic name as entry element | Condensed matter |
| General subdivision | Computer simulation. |
| Source of heading or term | BUEsh |
| 650 #7 - SUBJECT ADDED ENTRY--TOPICAL TERM | |
| Topical term or geographic name as entry element | Molecular dynamics |
| General subdivision | Computer simulation. |
| Source of heading or term | BUEsh |
| 651 ## - SUBJECT ADDED ENTRY--GEOGRAPHIC NAME | |
| Source of heading or term | BUEsh |
| 653 ## - INDEX TERM--UNCONTROLLED | |
| Resource For college | Generalities |
| -- | Engineering, Chemical |
| -- | Engineering, General |
| Arrived date list | November2018 |
| 655 ## - INDEX TERM--GENRE/FORM | |
| Form subdivision | Reading book |
| 856 42 - ELECTRONIC LOCATION AND ACCESS | |
| Materials specified | Publisher description |
| Uniform Resource Identifier | <a href="http://www.loc.gov/catdir/description/cam051/2004555409.html">http://www.loc.gov/catdir/description/cam051/2004555409.html</a> |
| 856 41 - ELECTRONIC LOCATION AND ACCESS | |
| Materials specified | Table of contents |
| Uniform Resource Identifier | <a href="http://www.loc.gov/catdir/toc/fy045/2004555409.html">http://www.loc.gov/catdir/toc/fy045/2004555409.html</a> |
| 942 ## - ADDED ENTRY ELEMENTS (KOHA) | |
| Source of classification or shelving scheme | Dewey Decimal Classification |
| Classification part | RDA-MOD |
| Withdrawn status | Lost status | Source of classification or shelving scheme | Damaged status | Not for loan | Collection code | Home library | Current library | Shelving location | Date acquired | Source of acquisition | Total Checkouts | Total Renewals | Full call number | Barcode | Date last seen | Date checked out | Price effective from | Koha item type |
|---|---|---|---|---|---|---|---|---|---|---|---|---|---|---|---|---|---|---|
| Dewey Decimal Classification | Baccah | Central Library | Central Library | First floor | 01/11/2018 | Purchase | 1 | 37 | 539.6 RAP | 000043739 | 02/10/2025 | 07/10/2024 | 01/11/2018 | Book - Borrowing |